<?xml version="1.0" encoding="UTF-8"?>
<record
    xmlns:xsi="http://www.w3.org/2001/XMLSchema-instance"
    xsi:schemaLocation="http://www.loc.gov/MARC21/slim http://www.loc.gov/standards/marcxml/schema/MARC21slim.xsd"
    xmlns="http://www.loc.gov/MARC21/slim">

  <leader>01307nam a22002417a 4500</leader>
  <controlfield tag="003">KOHA_M&#x130;RAKIL</controlfield>
  <controlfield tag="005">20260408084532.0</controlfield>
  <controlfield tag="008">260408b        tu ||||| |||| 00| 0 tur d</controlfield>
  <datafield tag="040" ind1=" " ind2=" ">
    <subfield code="a">TR-AnABB</subfield>
    <subfield code="b">tur</subfield>
    <subfield code="c">TR-AnABB</subfield>
  </datafield>
  <datafield tag="041" ind1=" " ind2=" ">
    <subfield code="a">tur</subfield>
  </datafield>
  <datafield tag="082" ind1=" " ind2=" ">
    <subfield code="a">956.1018</subfield>
    <subfield code="b">KOD 1987</subfield>
  </datafield>
  <datafield tag="100" ind1="1" ind2=" ">
    <subfield code="a">Kodaman, Bayram</subfield>
  </datafield>
  <datafield tag="245" ind1="1" ind2="0">
    <subfield code="a">Sultan 2. Abdulhamid devri Do&#x11F;u Anadolu Politikas&#x131; /</subfield>
    <subfield code="c">Bayram Kodaman</subfield>
  </datafield>
  <datafield tag="260" ind1=" " ind2=" ">
    <subfield code="a">Ankara : </subfield>
    <subfield code="b">T&#xFC;rk K&#xFC;lt&#xFC;r&#xFC;n&#xFC; Ara&#x15F;t&#x131;rma Enstit&#xFC;s&#xFC;;</subfield>
    <subfield code="c">1987</subfield>
  </datafield>
  <datafield tag="300" ind1=" " ind2=" ">
    <subfield code="a">155 sayfa ; </subfield>
    <subfield code="c">24 cm</subfield>
  </datafield>
  <datafield tag="490" ind1="0" ind2=" ">
    <subfield code="a">T&#xFC;rk K&#xFC;lt&#xFC;r&#xFC;n&#xFC; Ara&#x15F;t&#x131;rma Enstit&#xFC;s&#xFC; Yay&#x131;nlar&#x131;;</subfield>
    <subfield code="v">67</subfield>
  </datafield>
  <datafield tag="500" ind1=" " ind2=" ">
    <subfield code="a">Dizin vard&#x131;r.</subfield>
  </datafield>
  <datafield tag="504" ind1=" " ind2=" ">
    <subfield code="a">Kaynak&#xE7;a vard&#x131;r.</subfield>
  </datafield>
  <datafield tag="505" ind1=" " ind2=" ">
    <subfield code="a">&#x130;&#xE7;indekiler: Osmanl&#x131; devrinde Do&#x11F;u Anadolu'nun idari durumu - Hamidiye Hafif S&#xFC;var&#x131; Alaylar&#x131; - 2. Abdulhamid ve A&#x15F;iret Mektebi - 2. Abdulhamid'in bir politika uygulamas&#x131; - 2. Abdulhamid devrinde hakkari sanca&#x11F;&#x131;nda nesturiler ve &#x130;ngiliz - Rus Emperyalizmi - Ermeni meselesinin do&#x11F;u&#x15F; sebepleri - Milli b&#xFC;t&#xFC;nl&#xFC;&#x11F;&#xFC;m&#xFC;z, &#xFC;&#xE7; devir-&#xFC;&#xE7; politika - Bir Amerikal&#x131; gazeteci g&#xF6;z&#xFC;yle Ermeni Maceras&#x131; - 2. Abd&#xFC;lhamid Devrinde Ermeni Maceras&#x131;n&#x131;n &#xE7;&#xF6;z&#xFC;m&#xFC; i&#xE7;in iki kar&#x15F;&#x131; teklif </subfield>
  </datafield>
  <datafield tag="650" ind1="0" ind2="0">
    <subfield code="a">Tarih, Osmanl&#x131; &#x130;mparatorlu&#x11F;u</subfield>
  </datafield>
  <datafield tag="650" ind1="0" ind2="4">
    <subfield code="a">Tarih, Osmanl&#x131; &#x130;mparatorlu&#x11F;u, 2. Abd&#xFC;lhamid D&#xF6;nemi</subfield>
  </datafield>
  <datafield tag="942" ind1=" " ind2=" ">
    <subfield code="2">ddc</subfield>
    <subfield code="c">BK</subfield>
  </datafield>
  <datafield tag="952" ind1=" " ind2=" ">
    <subfield code="0">0</subfield>
    <subfield code="1">0</subfield>
    <subfield code="2">ddc</subfield>
    <subfield code="7">0</subfield>
    <subfield code="a">RUK</subfield>
    <subfield code="b">RUK</subfield>
    <subfield code="d">2026-04-08</subfield>
    <subfield code="l">0</subfield>
    <subfield code="o">956.1018 KOD 1987</subfield>
    <subfield code="p">RK7014</subfield>
    <subfield code="r">2026-04-08 08:45:43</subfield>
    <subfield code="w">2026-04-08</subfield>
    <subfield code="y">BK</subfield>
  </datafield>
  <datafield tag="999" ind1=" " ind2=" ">
    <subfield code="c">10191</subfield>
    <subfield code="d">10191</subfield>
  </datafield>
  <datafield tag="900" ind1=" " ind2=" ">
    <subfield code="b">Can &#xC7;ELIK</subfield>
  </datafield>
</record>
